| 000 | 00915nam a22002297a 4500 | ||
|---|---|---|---|
| 005 | 20240530110942.0 | ||
| 008 | 171108s2017 sy ah f b 000 0 ara d | ||
| 040 |
_aEG-CaGPL _cEG-CaGPL |
||
| 082 | 0 | 4 |
_221 _a747.4 _bخ م |
| 100 | 0 | _aخليل المقداد | |
| 245 | 1 | 2 |
_aالمسكوكات النقدية السورية منذ الاصول حتى الفتوحات العربية الاسلامية : _bدراسة / _cخليل المقداد |
| 250 | _aط.1 | ||
| 260 |
_aدمشق : _bوزارة الثقافة، _c2017. . |
||
| 300 |
_a590 ص. : _bايض. ؛ _c24 سم. |
||
| 504 | _aيشتمل على ارجاعات ببليوجرافية | ||
| 650 | 0 | 7 |
_2qrmak _aالمسكوكات . |
| 650 | 0 | 7 |
_2qrmak _aالنقود |
| 650 | 0 | 7 |
_2qrmak _aالمسكوكات العربية |
| 650 | 0 | 7 |
_2qrmak _aالمسكوكات الاسلامية |
| 942 |
_2ddc _cBK |
||
| 999 |
_c66839 _d66839 |
||